000 00576nam a22001577a 4500
003 macl
005 20170909131223.0
008 170909b xxu||||| |||| 00| 0 eng d
040 _cmacl
082 _a891.433/GOS/S
100 _aगोस्‍वामी,डॉ कृष्‍ण कुमार
_969088
245 _aजयशंकर प्रसाद की सम्‍पूर्ण कहानियॉ
260 _aदिल्‍ली
_bमहानंदा प्रकाशन
_c2017
650 _aकहानियाॅ
_933092
942 _2ddc
_cHIN
999 _c57023
_d57023